| 000 | 00330 a2200109 4500 | ||
|---|---|---|---|
| 020 | _a817024417X | ||
| 082 | _a309.262 SIN | ||
| 100 | _aSingh, Shamsher | ||
| 245 |
_aUrban Planning and Development _cShamsher Singh |
||
| 260 |
_aNew Delhi : _bS. B. Nangia for Ashish Publishing House, _c1992 |
||
| 300 |
_avii, 153p. : _bill ., ; _c22 cm |
||
| 650 | _aUrban Planning | ||
| 999 |
_c262 _d262 |
||